Normal view
MARC view
- CORROSION AND ANTI CORROSIVES CONGRESSES, METALS CONGRESSES
Entry Topical Term
001 - CONTROL NUMBER
- control field: 60898
003 - CONTROL NUMBER IDENTIFIER
- control field: NUST
005 - DATE AND TIME OF LATEST TRANSACTION
- control field: 20210628202639.0
008 - FIXED-LENGTH DATA ELEMENTS
- fixed length control field: 210628|| aca||aabn | a|a d
040 ## - CATALOGING SOURCE
- Original cataloging agency: NUST
- Transcribing agency: NUST
150 ## - HEADING--TOPICAL TERM
- Topical term or geographic name entry element: CORROSION AND ANTI CORROSIVES CONGRESSES, METALS CONGRESSES
670 ## - SOURCE DATA FOUND
- Source citation: Work cat.: (NUST): Dean, Sheldon W Lee, T.S 60897, Degradation of metals in the atmosphere, 1987
